Statystyki dla Państwa bez dostępu do morza

Kliknij tutaj aby rozwiązać quiz!

Ogólne statystyki

  • Ten quiz został rozwiązany 554 razy
    (454 od ostatniego zresetowania)
  • Średni wynik to 34 z 44

Statystyki odpowiedzi

Państwa% Poprawnych
Czechy
97%
Słowacja
95%
Watykan
94%
Austria
93%
Andora
92%
Białoruś
91%
Szwajcaria
91%
Węgry
91%
Liechtenstein
90%
Luksemburg
90%
San Marino
90%
Serbia
90%
Kosowo
87%
Kazachstan
85%
Macedonia
84%
Boliwia
83%
Mołdawia
83%
Mongolia
83%
Paragwaj
83%
Kirgistan
80%
Tadżykistan
80%
Uzbekistan
78%
Czad
77%
Nepal
77%
Turkmenistan
77%
Bhutan
74%
Afganistan
72%
Niger
71%
Armenia
69%
Sudan Południowy
69%
Lesotho
68%
Mali
67%
Republika Środkowoafrykańska
66%
Laos
65%
Rwanda
63%
Zambia
63%
Uganda
62%
Zimbabwe
62%
Eswatini
61%
Botswana
59%
Etiopia
59%
Burkina Faso
58%
Burundi
58%
Malawi
51%

Rozkład punktacji

Percentyl według liczby udzielonych odpowiedzi

Procent ludzi z każdym wynikiem

Twoja historia wyników

Nie rozwiązałeś tego quizu od ostatniego zresetowania